<?xml version="1.0" encoding="UTF-8"?>
<record
    xmlns:xsi="http://www.w3.org/2001/XMLSchema-instance"
    xsi:schemaLocation="http://www.loc.gov/MARC21/slim http://www.loc.gov/standards/marcxml/schema/MARC21slim.xsd"
    xmlns="http://www.loc.gov/MARC21/slim">

  <leader>00536nam a22001817a 4500</leader>
  <datafield tag="999" ind1=" " ind2=" ">
    <subfield code="c">6084</subfield>
    <subfield code="d">6084</subfield>
  </datafield>
  <controlfield tag="003">OSt</controlfield>
  <controlfield tag="005">20240229181836.0</controlfield>
  <controlfield tag="008">130412s2005    sp ||||| |||| 00| 0 cat d</controlfield>
  <datafield tag="020" ind1=" " ind2=" ">
    <subfield code="a">8493459003</subfield>
  </datafield>
  <datafield tag="040" ind1=" " ind2=" ">
    <subfield code="c">CDMR</subfield>
    <subfield code="b">cat</subfield>
  </datafield>
  <datafield tag="100" ind1="1" ind2=" ">
    <subfield code="9">555</subfield>
    <subfield code="a">Sol&#xE0; i Dachs, Llu&#xED;s</subfield>
  </datafield>
  <datafield tag="245" ind1="1" ind2="3">
    <subfield code="a">La caricatura pol&#xED;tica i social a Catalunya</subfield>
    <subfield code="b">: 1865-2005</subfield>
    <subfield code="c">/ Llu&#xED;s Sol&#xE0; i Dachs</subfield>
  </datafield>
  <datafield tag="260" ind1=" " ind2=" ">
    <subfield code="a">[Barcelona]: </subfield>
    <subfield code="b">Duxelm, </subfield>
    <subfield code="c">2005</subfield>
  </datafield>
  <datafield tag="300" ind1=" " ind2=" ">
    <subfield code="a">224 p.</subfield>
    <subfield code="b">il.</subfield>
  </datafield>
  <datafield tag="490" ind1="0" ind2=" ">
    <subfield code="a">Duxartis</subfield>
    <subfield code="v">; 2</subfield>
  </datafield>
  <datafield tag="650" ind1="0" ind2="4">
    <subfield code="9">3084</subfield>
    <subfield code="a">Humorisme gr&#xE0;fic</subfield>
    <subfield code="z">Catalunya</subfield>
    <subfield code="y">1865-2005</subfield>
  </datafield>
  <datafield tag="942" ind1=" " ind2=" ">
    <subfield code="2">udc</subfield>
    <subfield code="c">MON</subfield>
  </datafield>
  <datafield tag="952" ind1=" " ind2=" ">
    <subfield code="0">0</subfield>
    <subfield code="1">0</subfield>
    <subfield code="4">0</subfield>
    <subfield code="7">0</subfield>
    <subfield code="a">CDMR</subfield>
    <subfield code="b">CDMR</subfield>
    <subfield code="d">2013-01-16</subfield>
    <subfield code="l">0</subfield>
    <subfield code="o">Du 10.2/7</subfield>
    <subfield code="p">CDMR13046188</subfield>
    <subfield code="r">2013-04-12</subfield>
    <subfield code="w">2013-04-12</subfield>
    <subfield code="y">MON</subfield>
  </datafield>
</record>
